[Event "USA-ch blind"]
[Site "Columbus"]
[Date "1999.08.01"]
[Round "5"]
[White "Honaker, Martha"]
[Black "Schmit, Henry"]
[Result "1-0"]
[WhiteElo "1219"]
[BlackElo "1387"]
[PlyCount "57"]
[EventDate "1999.07.30"]
[EventType "swiss"]
[EventRounds "5"]
[EventCountry "USA"]
[SourceTitle "EXT 2010"]
[Source "ChessBase"]
[SourceDate "2010.11.25"]
[SourceVersion "1"]
[SourceVersionDate "2010.11.25"]
[SourceQuality "1"]

1. e4 e5 2. f4 Nc6 3. Nf3 d6 4. Bc4 Be6 5. Bxe6 fxe6 6. c3 Be7 7. Qb3 Qd7 8. Qxb7 Rb8 9. Qa6 Nf6 10. Qe2 0-0 11. fxe5 Nxe5 12. Nxe5 dxe5 13. 0-0 Rf7 14. d3 Rbf8 15. Nd2 Bc5+ 16. Kh1 g6 17. Nf3 Ng4 18. h3 Nf2+ 19. Rxf2 Rxf3 20. Rxf3 Kg7 21. Rxf8 Bxf8 22. Bg5 h6 23. Bh4 h5 24. Rf1 Kh6 25. Rxf8 Qg7 26. Qf2 a6 27. Rf7 Qh8 28. Qe3+ g5 29. Qxg5# 1-0

[Event "USA-ch blind"]
[Site "Columbus"]
[Date "1999.07.31"]
[Round "3"]
[White "McStraw, Richard"]
[Black "Schmit, Henry"]
[Result "0-1"]
[WhiteElo "1189"]
[BlackElo "1387"]
[PlyCount "70"]
[EventDate "1999.07.30"]
[EventType "swiss"]
[EventRounds "5"]
[EventCountry "USA"]
[SourceTitle "EXT 2010"]
[Source "ChessBase"]
[SourceDate "2010.11.25"]
[SourceVersion "1"]
[SourceVersionDate "2010.11.25"]
[SourceQuality "1"]

1. e4 e6 2. d4 d5 3. exd5 exd5 4. Nc3 c6 5. Nf3 Bg4 6. Be2 Nf6 7. Bf4 Bb4 8. Qd3 0-0 9. 0-0 Re8 10. Rfe1 Ne4 11. Bd2 Nd7 12. Ne5 Bxe2 13. Qxe2 Nxe5 14. Nxe4 Bxd2 15. Nxd2 Nc4 16. Qxe8+ Qxe8 17. Rxe8+ Rxe8 18. Nxc4 dxc4 19. c3 Re2 20. b3 cxb3 21. axb3 a5 22. Kf1 Rc2 23. c4 b6 24. b4 Rxc4 25. bxa5 bxa5 26. Rxa5 Kf8 27. Rc5 Rxc5 28. dxc5 Ke7 29. Ke2 Ke6 30. Kd3 Kd5 31. f4 f5 32. h3 Kxc5 33. Kc3 Kd5 34. g4 fxg4 35. hxg4 Ke4 0-1

[Event "USA-ch blind"]
[Site "Columbus"]
[Date "1999.07.30"]
[Round "1"]
[White "Schmit, Henry"]
[Black "Honaker, Larry"]
[Result "1-0"]
[WhiteElo "1387"]
[BlackElo "1196"]
[PlyCount "77"]
[EventDate "1999.07.30"]
[EventType "swiss"]
[EventRounds "5"]
[EventCountry "USA"]
[SourceTitle "EXT 2010"]
[Source "ChessBase"]
[SourceDate "2010.11.25"]
[SourceVersion "1"]
[SourceVersionDate "2010.11.25"]
[SourceQuality "1"]

1. e4 g6 2. d4 Bg7 3. e5 d5 4. Nf3 h6 5. c4 c6 6. Qc2 e6 7. cxd5 cxd5 8. Bd3 Ne7 9. Nh4 Qd7 10. Nc3 a6 11. Na4 Qc6 12. Qb3 Nd7 13. Bd2 b5 14. Nc3 Rb8 15. Rc1 Qb6 16. Nf3 0-0 17. Ne2 Bb7 18. 0-0 Rfc8 19. Rcd1 Nc6 20. a3 Rc7 21. Qa2 Rbc8 22. Rc1 Na5 23. Rxc7 Rxc7 24. Rc1 Rxc1+ 25. Nxc1 Nc4 26. Bc3 f5 27. b3 Na5 28. Qd2 b4 29. axb4 Nxb3 30. Nxb3 Bf8 31. Na5 Bxb4 32. Bxb4 Kg7 33. Nxb7 Qxb7 34. Qb2 Qc8 35. h3 Nb6 36. Bf8+ Qxf8 37. Qxb6 Qf7 38. Qxa6 h5 39. h4 1-0

[Event "USA-ch blind"]
[Site "Columbus"]
[Date "1999.07.30"]
[Round "2"]
[White "Schmit, Henry"]
[Black "Pietrolungo, Albert"]
[Result "0-1"]
[WhiteElo "1387"]
[BlackElo "1482"]
[PlyCount "134"]
[EventDate "1999.07.30"]
[EventType "swiss"]
[EventRounds "5"]
[EventCountry "USA"]
[SourceTitle "EXT 2010"]
[Source "ChessBase"]
[SourceDate "2010.11.25"]
[SourceVersion "1"]
[SourceVersionDate "2010.11.25"]
[SourceQuality "1"]

1. e4 e6 2. d4 d5 3. exd5 exd5 4. Nf3 Nf6 5. Bg5 Be7 6. Bd3 Be6 7. Nbd2 Nbd7 8. c3 h6 9. Bh4 Nb6 10. b3 Qd7 11. Ne5 Qc8 12. Bxf6 Bxf6 13. Ndf3 Nd7 14. Nxd7 Qxd7 15. 0-0 0-0-0 16. Qc2 Bg4 17. Nd2 Rde8 18. h3 Be6 19. Rfe1 Re7 20. Re2 Rhe8 21. Rae1 Qd6 22. b4 Bd7 23. Rxe7 Rxe7 24. Rxe7 Qxe7 25. Nf3 g5 26. Bf5 c6 27. Bxd7+ Kxd7 28. Kf1 Qe6 29. Qh7 Bd8 30. Ne5+ Ke7 31. Ng4 h5 32. Qxh5 Qf5 33. Ne5 Qb1+ 34. Ke2 Qc2+ 35. Ke1 Qxc3+ 36. Ke2 Qc2+ 37. Ke1 Qe4+ 38. Qe2 Qxe2+ 39. Kxe2 f6 40. Nd3 Bb6 41. Nc5 Bxc5 42. bxc5 b5 43. cxb6 axb6 44. Kd3 Ke6 45. a4 Kf5 46. Ke3 Ke6 47. g3 Kf5 48. f3 Kg6 49. g4 f5 50. Kd3 f4 51. Kc3 Kf6 52. Kb4 Ke7 53. a5 bxa5+ 54. Kxa5 Kd7 55. Kb6 Kd6 56. Ka5 c5 57. Ka4 cxd4 58. Kb4 Kc6 59. Kb3 Kc5 60. Kc2 Kc4 61. Kd2 d3 62. Kc1 Kc3 63. Kd1 d2 64. h4 gxh4 65. g5 h3 66. g6 h2 67. g7 h1Q+ 0-1

[Event "USA-ch blind"]
[Site "Primm"]
[Date "1998.07.25"]
[Round "3"]
[White "Pietrolungo, Albert"]
[Black "Schmit, Henry"]
[Result "1/2-1/2"]
[WhiteElo "1459"]
[BlackElo "1384"]
[PlyCount "119"]
[EventDate "1998.07.24"]
[EventType "swiss"]
[EventRounds "4"]
[EventCountry "USA"]
[SourceTitle "EXT 2010"]
[Source "ChessBase"]
[SourceDate "2010.11.25"]
[SourceVersion "1"]
[SourceVersionDate "2010.11.25"]
[SourceQuality "1"]

1. c4 Nf6 2. Nc3 e6 3. Nf3 d5 4. e3 dxc4 5. Bxc4 Be7 6. b3 0-0 7. Bb2 Nbd7 8. Rc1 a6 9. 0-0 b5 10. Be2 Bb7 11. Qc2 Rc8 12. a3 c5 13. Qd1 Rc6 14. d3 Qc7 15. Nd2 Rd6 16. Qc2 Rc8 17. Bf3 Bxf3 18. Nxf3 Nd5 19. Nxd5 Rxd5 20. Rfd1 Rh5 21. b4 Bd6 22. g3 Qb7 23. Ne1 Rc7 24. bxc5 Rhxc5 25. Qd2 Rxc1 26. Rxc1 Rxc1 27. Qxc1 Qc7 28. Qd2 Nf6 29. Qe2 Qe7 30. Nc2 a5 31. Qd2 b4 32. axb4 axb4 33. h3 h6 34. e4 Nd7 35. Kf1 Nb6 36. Ke2 Na4 37. Ba1 e5 38. Ne3 Qe6 39. Nc4 Be7 40. Bxe5 Qxh3 41. Qc2 Nc5 42. Nd2 Ne6 43. Bb2 Qg4+ 44. Ke1 Ng5 45. Qd1 Qe6 46. Nc4 Bf8 47. Bc1 Qf6 48. Bb2 Qe6 49. Bc1 Be7 50. f4 Nh7 51. Bd2 Qh3 52. Qf3 Bh4 53. Kf2 Qh2+ 54. Ke3 Be7 55. Ne5 Bc5+ 56. d4 Qg1+ 57. Ke2 Qxd4 58. Qd3 Qxd3+ 59. Nxd3 Be7 60. Bxb4 1/2-1/2

[Event "USA-ch blind"]
[Site "Primm"]
[Date "1998.07.24"]
[Round "2"]
[White "Hart, James"]
[Black "Schmit, Henry"]
[Result "0-1"]
[WhiteElo "1239"]
[BlackElo "1384"]
[PlyCount "56"]
[EventDate "1998.07.24"]
[EventType "swiss"]
[EventRounds "4"]
[EventCountry "USA"]
[SourceTitle "EXT 2010"]
[Source "ChessBase"]
[SourceDate "2010.11.25"]
[SourceVersion "1"]
[SourceVersionDate "2010.11.25"]
[SourceQuality "1"]

1. e4 e6 2. Nf3 d5 3. exd5 exd5 4. d4 Bg4 5. Be2 Qe7 6. Ne5 Bxe2 7. Qxe2 Nd7 8. Nc6 Qxe2+ 9. Kxe2 bxc6 10. Bf4 0-0-0 11. Rd1 Ngf6 12. Rd3 Nh5 13. g3 Nxf4+ 14. gxf4 Bd6 15. Rf3 Rde8+ 16. Kf1 Re4 17. c3 Rxf4 18. Rxf4 Bxf4 19. Na3 Re8 20. Re1 Rxe1+ 21. Kxe1 Bxh2 22. Ke2 h5 23. Kf3 f5 24. Kg2 Bd6 25. Nc2 g5 26. Ne3 f4 27. Nf5 Bf8 28. f3 Nf6 0-1

[Event "USA-ch blind"]
[Site "Columbus"]
[Date "1994.07.16"]
[Round "4"]
[White "Schmit, Henry"]
[Black "Lopiccolo, Daniel"]
[Result "1/2-1/2"]
[WhiteElo "1431"]
[BlackElo "1200"]
[PlyCount "86"]
[EventDate "1994.07.15"]
[EventType "swiss"]
[EventRounds "5"]
[EventCountry "USA"]
[SourceTitle "EXT 2010"]
[Source "ChessBase"]
[SourceDate "2010.11.25"]
[SourceVersion "1"]
[SourceVersionDate "2010.11.25"]
[SourceQuality "1"]

1. d4 d5 2. c4 c6 3. Nc3 dxc4 4. e4 b5 5. a4 b4 6. Na2 b3 7. Nc3 e6 8. Bxc4 Bb4 9. Nge2 Bxc3+ 10. Nxc3 Nf6 11. Bg5 0-0 12. e5 h6 13. exf6 hxg5 14. fxg7 Kxg7 15. Bxb3 Nd7 16. Qd3 f5 17. 0-0-0 a5 18. Bxe6 Ba6 19. Qc2 Nb6 20. Bxf5 Bc8 21. Bh7 Qf6 22. Ne4 Qf4+ 23. Nd2 Bf5 24. Bxf5 Rxf5 25. Kb1 Rc8 26. Qc3 Kh6 27. Rde1 Rf6 28. Re7 Nd5 29. Qh3+ Qh4 30. Qxc8 Nxe7 31. Qh8+ Kg6 32. Qe8+ Rf7 33. g3 Qxd4 34. Kc1 Qxa4 35. Re1 Qd4 36. Nb1 Nf5 37. Qxc6+ Rf6 38. Qe8+ Kg7 39. g4 Nh6 40. Re7+ Nf7 41. Qb5 Kg6 42. Re3 Rf4 43. Qd3+ Kg7 1/2-1/2